La sombra de las cumbres

Saved in:
Bibliografiske detaljer
Hovedforfatter: Castro, Oscar (Author)
Format: Bog
Sprog:spansk
Udgivet: Santiago Orbe 1944
Fag:
Tags: Tilføj Tag
Ingen Tags, Vær først til at tagge denne postø!

MARC

LEADER 00000cam a2200000 a 4500
001 UCP1913
003 CL-VaPUC
008 990426e19440000CL |||||||||||||||||spa|d
082 0 4 |a Ch863  |b CAS  |2 21 
100 0 |a Castro, Oscar  |e author  |9 330530 
245 1 3 |a La sombra de las cumbres 
300 |a 226 p 
942 |c BK 
945 |d 19990426 00:00:00  |a lriquelm 
260 |a Santiago  |b Orbe  |c 1944 
650 0 |a Literatura chilena   |9 308278 
650 0 |a Cuentos chilenos   |9 308280 
583 |a last modification  |c 20130822 05:08:45  |k Rodrigo Vera 
999 |c 280542  |d 280540 
952 |0 0  |1 0  |4 0  |6 CH_863_000000000000000_CAS_1944  |7 0  |8 A  |9 320883  |a BIBEDU  |b BIBEDU  |d 2019-11-20  |i 1338382  |o Ch863 CAS 1944  |p 1338382  |r 2019-11-20  |w 2019-11-20  |y BK  |k LIT 
952 |0 0  |1 0  |3 erb  |4 0  |6 CH_863_000000000000000_CAS_1944  |7 0  |8 X  |9 320884  |a FDOBUD  |b FDOBUD  |d 2019-11-20  |i 4998391  |o Ch863 CAS 1944  |p 4998391  |r 2019-11-20  |w 2019-11-20  |y BK_X  |z Catalogado en:20130829  |k BUD